Szczegóły MARC21

The philosophy of right ; The philosophy of history /

003 -Nazwa inst., której nr kontr. jest w polu 001 [,]
    • @
    • Nazwa instytucji, której n kontrolny jest w polu 001
    • NUKAT
005 -DATA I CZAS OSTATNIEJ MODYFIKACJI [,]
    • @
    • pole kontrolne
    • 20241231090711.0
040 -Instytucja sporządzająca opis [ , ]
    • a
    • Instytucja, która sporządziła opis (NP)
    • GD U/DC
    • c
    • Instytucja, która sporządziła rekord (NP)
    • GD U/DC
    • d
    • Instytucja, która zmodyfikowała rekord (P)
    • GD U/DC
    • d
    • Instytucja, która zmodyfikowała rekord (P)
    • KIEL 010/EAs
    • d
    • Instytucja, która zmodyfikowała rekord (P)
    • KIEL 010/AC
    • d
    • Instytucja, która zmodyfikowała rekord (P)
    • WA 004/ZW
041 -Język dokumentu [1, ]
    • a
    • Język tekstu (P)
    • angielski
    • h
    • Język tekstu oryginalnego i/lub pośredniego (P)
    • niemiecki
942 -Rodzaj dokumentu [ , ]
    • c
    • Rodzaj dokumentu
    • Książka
100 -Hasło główne - nazwa osobowa [1, ]
    • a
    • Nazwa osobowa (NP)
    • Hegel, Georg Wilhelm Friedrich
    • d
    • Daty biograficzne (NP)
    • (1770-1831).
    • 9
    • KHW
    • 11829
240 -Tytuł ujednolicony [1,0]
    • a
    • Tytuł ujednolicony
    • Grundlinien der Philosophie des Rechts
    • l
    • Język tekstu
    • (ang.)
    • 9
    • KHW
    • 649378
245 -Strefa tytułu i oznaczenia odpowiedzialności [1,4]
    • a
    • Tytuł
    • The philosophy of right ; Find
    • b
    • Ciąg dalszy tytułu (NP)
    • The philosophy of history / Find
    • c
    • Pozostałe elementy strefy tytułu i oznaczenia odpowiedzialności (NP)
    • by Georg Wilhelm Friedrich Hegel.
260 -Strefa adresu wydawniczego [ , ]
    • a
    • Miejsce wydania (P)
    • Chicago [etc.] :
    • b
    • Nazwa wydawcy (P)
    • William Benton :
    • b
    • Nazwa wydawcy (P)
    • Encyclopædia Britannica,
    • c
    • Data wydania (P)
    • cop. 1952.
300 -Strefa opisu fizycznego [ , ]
    • a
    • Określenie formy książki i/lub objętość (NP)
    • X, 369 s. ;
    • c
    • Format (NP)
    • 24 cm.
336 -Typ zawartości [ , ]
    • a
    • Termin opisujący typ zawartości
    • Tekst
    • b
    • Kod określający zawartość
    • txt
    • 2
    • Źródło (terminu i kodu)
    • rdacontent
337 -Typ mediów [ , ]
    • a
    • Tryb odtwarzania
    • Bez urządzenia pośredniczącego
    • b
    • Kod typu mediów
    • n
    • 2
    • Źródło (terminu i kodu)
    • rdamedia
338 -Typ/rodzaj nośnika [ , ]
    • a
    • Hasło opisujące typ nośnika
    • Wolumin
    • b
    • Kod typu nośnika
    • nc
    • 2
    • Źródło (terminu i kodu)
    • rdacarrier
490 -Strefa serii i książki wielotomowej - forma nie do wyszukiwania [1, ]
    • a
    • Tytuł (P)
    • Great Books of the Western World ; Find
    • v
    • Numeracja (P)
    • 46
830 -Hasło dodatkowe serii i opisu książki wielotomowej - tytuł ujednolicony/tytuł [ ,0]
    • a
    • Tytuł ujednolicony/tytuł (NP)
    • Great Books of the Western World (1952)
    • v
    • Oznaczenie tomu (NP)
    • 46
    • 9
    • KHW
    • 649375
546 -Uwaga dot. języka [ , ]
    • a
    • Uwaga dot. języka
    • Tł. z niem.
080 -Uniwersalna Klasyfikacja Dziesiętna [ , ]
    • a
    • Symbol klasyfikacji
    • 340.12=20
080 -Uniwersalna Klasyfikacja Dziesiętna [ , ]
    • a
    • Symbol klasyfikacji
    • +1(091)=20
650 -Hasło przedmiotowe [ ,7]
    • a
    • Hasło przedmiotowe
    • Historia
    • x
    • Określnik rzeczowy
    • filozofia.
    • 2
    • Źródło terminu
    • kaba
    • 9
    • KHW
    • 111191
650 -Hasło przedmiotowe [ ,7]
    • a
    • Hasło przedmiotowe
    • Prawo
    • x
    • Określnik rzeczowy
    • filozofia.
    • 2
    • Źródło terminu
    • kaba
    • 9
    • KHW
    • 125682
650 -Hasło przedmiotowe [ ,7]
    • a
    • Hasło przedmiotowe
    • Prawo i etyka.
    • 2
    • Źródło terminu
    • kaba
    • 9
    • KHW
    • 125776
980 -Symbol UKD [ , ]
    • a
    • UKD
    • 340.12+1(091)]=20
700 -Hasło dodatkowe - nazwa osobowa [1,2]
    • a
    • Nazwa osobowa (NP)
    • Hegel, Georg Wilhelm Friedrich Find
    • d
    • Daty biograficzne (NP)
    • (1770-1831).
    • t
    • Tytuł ujednolicony/tytuł (NP)
    • Vorlesungen über die Philosophie der Geschichte Find
    • l
    • Język tekstu (NP)
    • (ang.)
    • 9
    • KHW
    • 649667
710 -Hasło dodatkowe - nazwa ciała zbiorowego [2, ]
    • a
    • Nazwa ciała zbiorowego lub nazwa geograficzna jako pierwszy element (NP)
    • Encyclopædia Britannica, Inc.
    • 4
    • Kod relacji
    • pbl
    • 9
    • KHW
    • 627939
Numer inwentarzowy Status udost. Data inwentaryzacji Lokalizacja Sygnatura
A.675812002-10-17BMANG. Filozofia 14